[Event "Pardubice Czech op"]
[Site "Pardubice"]
[Date "2007.07.28"]
[Round "9"]
[White "Radovanovic, Jovica"]
[Black "Zhuravleva, Mariya"]
[Result "1-0"]
[WhiteElo "2355"]
[BlackElo "2131"]
[PlyCount "119"]
[EventDate "2007.07.20"]
[EventType "swiss"]
[EventRounds "9"]
[EventCountry "CZE"]
[SourceTitle "CBM 119 Extra"]
[Source "ChessBase"]
[SourceDate "2007.09.04"]
[SourceVersion "1"]
[SourceVersionDate "2007.09.04"]
[SourceQuality "1"]

1. e4 e5 2. Nf3 Nc6 3. Bb5 f5 4. Nc3 Nf6 5. Qe2 Bc5 6. exf5 Qe7 7. 0-0 Nd4 8. Nxd4 Bxd4 9. Ne4 c6 10. c3 Bb6 11. Ba4 Nxe4 12. Qxe4 0-0 13. d4 d6 14. g4 Qh4 15. Bc2 d5 16. Qg2 exd4 17. Bf4 dxc3 18. bxc3 Bd7 19. Qg3 Qxg3+ 20. Bxg3 Rfe8 21. Rfe1 Ba5 22. Rab1 b5 23. Be5 c5 24. f4 Bc6 25. Red1 Rad8 26. a3 Bb6 27. Kf2 b4 28. axb4 cxb4+ 29. Bd4 Bxd4+ 30. Rxd4 bxc3 31. Rb3 Rc8 32. Rxc3 Bb7 33. Rxc8 Rxc8 34. Bb3 Rc5 35. Rb4 Ba6 36. Ke3 Bc4 37. Kd4 Ra5 38. Bxc4 dxc4 39. Rxc4 h6 40. Ke4 Ra2 41. h4 Re2+ 42. Kf3 Re7 43. Ra4 Kf7 44. h5 Rb7 45. g5 Rc7 46. Ra6 hxg5 47. fxg5 Rc3+ 48. Ke4 Rc7 49. h6 gxh6 50. Rxh6 Kg8 51. Ra6 Rb7 52. Ke5 Kf7 53. Ra4 Rb5+ 54. Kf4 a5 55. Rc4 Rb7 56. g6+ Kg7 57. Kg5 Rb5 58. Rc7+ Kf8 59. Ra7 Rc5 60. Kh6 1-0